000
00295nam a22001337a 4500
008
190306b xxu||||| |||| 00| 0 eng d
020
_a
2801455749753
041
_a
eng
080
_2
6th
_a
610
100
_a
4
101
_a
SHM
245
_a
Endocrine Secrets
_c
McDermott, M.T
942
_2
udc
_c
BK
999
_c
54638
_d
54638